| 000 | 02512cab a22005055a 4500 | ||
|---|---|---|---|
| 001 | L146407 | ||
| 008 | 090116s2008 xxk f 000 0 eng d | ||
| 035 | _a(Sirsi) u146407 | ||
| 041 | 0 | _aeng | |
| 100 | 1 | _aDavidson, Fraser | |
| 245 | 0 | 0 | _aSome thoughts on the Scottish Arbitration Code 2007 |
| 260 | _c2008 | ||
| 490 | 0 |
_aArbitration _v74(4) November 2008, 348-359(12) |
|
| 520 | _aCommenting on a number of law cases, discusses selected aspects of the Scottish Arbitration Code 2007. Seeks to draw attention to noteworthy features of the Code and the questions which arise from it, but does not provide a comprehensive survey of the Code. Concludes that the points raised in the article will not arise as practical issues in most cases, but that the Code sometimes creates potential problems and raises questions to which there are no easy answers. | ||
| 590 | _aKA | ||
| 650 | 2 | 4 | _aSCOTTISH ARBITRATION CODE 2007 |
| 650 | 2 | 4 | _aSCOTTISH ARBITRATION RULES 2007 |
| 650 | 2 | 4 | _aSCOTTISH ARBITRATION CODE 1999 |
| 650 | 2 | 4 | _aUNCITRAL MODEL LAW ON INTERNATIONAL COMMERCIAL ARBITRATION 1985 |
| 650 | 2 | 4 | _aJOHN G MCGREGOR (CONTRACTORS) LTD V GRAMPION REGIONAL COUNCIL |
| 650 | 2 | 4 | _aSIMPSON V STRACHAN |
| 650 | 2 | 4 | _aMORISON V ROBERTSON |
| 650 | 2 | 4 | _aTAYLOR WOODROW CONSTRUCTION (SCOTLAND) LTD V SEARS INVESTMENT TRUST LTD |
| 650 | 2 | 4 | _aGORDON V EARL OF ERROL |
| 650 | 2 | 4 | _aBREMNER V ELDER |
| 650 | 2 | 4 | _aIBA GUIDELINES ON CONFLICTS OF INTEREST IN INTERNATIONAL COMMERCIAL ARBITRATION |
| 650 | 2 | 4 | _aMUNICIPAL COUNCIL OF JOHANNESBURG HEYMAN V DARWINS |
| 650 | 2 | 4 | _aHARBOUR ASSURANCE CO UK LTD V KANSA GENERAL INSURANCE CO |
| 650 | 2 | 4 | _aFIONA TRUST AND HOLDING CORPORATION AND OTHERS V PRIVALOV AND OTHERS |
| 650 | 2 | 4 | _aGLENCOT DEVELOPMENT AND DESIGN CO LTD V BEN BARRETT AND SON (CONTRACTORS) LTD |
| 650 | 2 | 4 | _aACORN FARMS LTD V SCHNURIGER |
| 650 | 2 | 4 | _aBLYTH AND BLYTH V CARILLION CONSTRUCTION LTD |
| 650 | 2 | 4 | _aDUNDEE CORP V GUTHRIE |
| 650 | 2 | 4 | _aCONSTRUCTION LTD V HM LOVE AND CO |
| 650 | 2 | 4 | _aFAIRLIE YACHT SLIP V LUMSDEN |
| 650 | 2 | 4 | _aMITCHELL V CABLE |
| 650 | 2 | 4 | _aHALL ASSOCIATES LLC V MATTEL INC |
| 650 | 2 | 4 | _aKLEIN V CATARA |
| 650 | 2 | 4 | _aWHATLINGS (FOUNDATIONS) LTD V SHANKS AND MCEWAN (CONTRACTORS )LTD |
| 650 | 2 | 4 | _aCBI NZ LTD V BADGER CHIYODA |
| 650 | 2 | 4 | _aMETHANEX MOTUNUI LTD V SPELLMAN |
| 651 | 4 |
_aScotland _y1707-1998 |
|
| 690 | _aMANAGEMENT-DISPUTE AVOIDANCE, MANAGEMENT AND RESOLUTION-DISPUTE MANAGEMENT AND RESOLUTION-ARBITRATION | ||
| 942 | _n0 | ||
| 999 |
_c81140 _d81140 |
||